| 000 | 00384nam a22001457a 4500 | ||
|---|---|---|---|
| 008 | 230404b |||||||| |||| 00| 0 eng d | ||
| 020 | _a978-81-8495-989-5 | ||
| 082 | _a158.1 | ||
| 100 | _aRobin Sharma | ||
| 245 | _aThe little black book for stunning success | ||
| 260 |
_bJaico Publishing House, _c2016 |
||
| 300 |
_a279 p. _c20 cm |
||
| 942 | _2ddc | ||
| 999 |
_c9455 _d9456 |
||